Vincitori Trofeo FIFA Fair Play - Statistics

Statistiche generali
  • Questo quiz è stato fatto 4 volte
  • Il punteggio medio è 13 su 16
Statistiche sulle risposte
Edizione Nazionale % Corretto
Argentina 1978 Argentina
100%
Spagna 1982 Brasile
100%
Messico 1986 Brasile
100%
USA 1994 Brasile
100%
Germania 2006 Brasile
100%
Germania Ovest 1974 Germania Ovest
100%
Italia 1990 Inghilterra
100%
Francia 1998 Inghilterra
100%
Qatar 2022 Inghilterra
100%
Corea del Sud / Giappone 2002 Belgio
75%
Francia
75%
Brasile 2014 Colombia
50%
Messico 1970 Perù
50%
Spagna
50%
Sudafrica 2010 Spagna
50%
Russia 2018 Spagna
50%
Nessun quiz corrispondente trovato
Distribuzione punteggi
Percentuale di utenti per punteggio
Percentile per numero di risposta
I tuoi punteggi nel tempo
Non hai fatto questo quiz